000 00245nam a2200109Ia 4500
008 190907s9999||||xx |||||||||||||| ||und||
100 _aCline,Marshall P.
245 0 _aC++FAQS
260 _aUSA
_bMicrosoft Press
_c199
300 _a460
942 _cBK
999 _c6436
_d6436